000 00630nam a2200205 a 4500
001 000048842
005 20201002061441.0
008 190416s2016 dr 000 f spa d
020 _a9789945581751
040 _aDO-SdBNP
_bspa
_cBNPHU
082 _axxxx
_bC824m
100 1 _aCorrea, Oscar,
_d1937-
_976294
245 1 0 _aMoi /
_cOscar Correa.
260 _aSan Juan, Puerto Rico :
_bIsla Negra Editores,
_c2016.
300 _a109 p. ;
_c22 cm.
490 1 _aEspalda de papel
500 _aIncluye datos biográficos del autor en la solapa de la cubierta
590 _aInventariado, 2019/LP
830 0 _aEspalda de papel
_926625
999 _c48330
_d48330